LEADER 01047nam0-22003731i-450 001 990001719230403321 005 20191113102446.0 010 $a88-206-2527-X 035 $a000171923 035 $aFED01000171923 035 $a(Aleph)000171923FED01 035 $a000171923 100 $a20030910d1984----km-y0itay50------ba 101 0 $aita 200 1 $a<>latifoglie nobili nei nostri boschi$eolmi, ciliegi, aceri, tigli, frassini$fGiovanni Bernetti, Michele Padula. 210 $aBologna$cEdagricole$d1984 215 $a51 p.$d28 cm 225 1 $aQuaderni di Monti e boschi$v1 610 0 $aUlmus 610 0 $aFrassini 610 0 $aLatifoglie 610 0 $aPrunus padus 610 0 $aAcer 610 0 $aTigli 676 $a582.16 700 1$aBernetti,$bGiovanni$074191 702 1$aPadula,$bMichele 801 0$aIT$bUNINA$gRICA$2UNIMARC 901 $aLG 912 $a990001719230403321 952 $a60 OP. 172/15$b644$fFAGBC 959 $aFAGBC 996 $aLatifoglie nobili nei nostri boschi$9360225 997 $aUNINA